Milestone 50 (Record no. 30836)
[ view plain ]
| 000 -LEADER | |
|---|---|
| fixed length control field | 00506nam a2200181Ia 4500 |
| 008 - FIXED-LENGTH DATA ELEMENTS--GENERAL INFORMATION | |
| fixed length control field | 131103s9999 xx 000 0 und d |
| 020 ## - ISBN | অাই এস বি এন | |
| ISBN | অাই এস বি এন | 81-259-0474-3 |
| PRICE | Rs.35.00 |
| 040 ## - CATALOGING SOURCE | |
| Original cataloging agency | Loreto College |
| 041 ## - LANGUAGE CODE | |
| Language code | English |
| 082 ## - DDC | ডিউই | |
| Classification number | বর্গসংখ্যা | REF/IND/HIS |
| Book Number | গ্রন্থাঙ্ক | LCBED/12143 |
| 100 ## - MAIN ENTRY--PERSONAL NAME | মুখ্য সংলেখ - ব্যাক্তিনাম | |
| Personal name | ব্যাক্তিনাম | Murthi, R.K. |
| 245 ## - TITLE STATEMENT | অাখ্যা বিবরণী | |
| Title | অাখ্যা | Milestone 50 |
| Sub title | উপঅাখ্যা | stories from India's freedom struggle |
| Statement of responsibility | লেখকের দায়িত্বের বিবরণ | R.K.Murthi |
| 260 ## - IMPRINT | প্রকাশনা ক্ষেত্র | |
| Place of publication | প্রকাশ স্থান | Delhi |
| Name of publisher | প্রকাশকের নাম | Madhuban |
| Date of publication | প্রকাশ কাল | 1997 |
| 300 ## - PHYSICAL DESCRIPTION | | |
| Page / Vol. No | পৃষ্ঠা / খন্ড সংখ্যা | 127p |
| 650 ## - SUBJECT ADDED ENTRY--TOPICAL TERM | বিষয় শিরোনাম - মূল বিষয় | |
| Topical term | মূল বিষয় | India history |
| 850 ## - HOLDING INSTITUTION | |
| Holding institution | LCBED/REF/IND/HIS |
| 942 ## - ADDED ENTRY ELEMENTS (KOHA) | |
| Koha item type | Books |
| Withdrawn status | Lost status | Damaged status | Not for loan | Home library | Current library | Date acquired | Total Checkouts | Full call number | Accession No. | Date last seen | Price effective from | Koha item type |
|---|---|---|---|---|---|---|---|---|---|---|---|---|
| Loreto College | Loreto College | 04/11/2013 | REF/IND/HIS LCBED/12143 | B33684 | 04/11/2013 | 04/11/2013 | Books |